|
|
|
|
| LEADER |
00000cam a2200000 a 4500 |
| 001 |
vtls001105347 |
| 003 |
SK-MaSNL |
| 005 |
20260301001344.0 |
| 008 |
240226s1977 xo a f fn 000 0 slo |
| 015 |
|
|
|a SNBA1977
|
| 020 |
|
|
|q (brožované)
|
| 035 |
|
|
|a SNK000048189
|
| 035 |
|
|
|a 15C9F530-CA6A-420E-BC8B-0811A8E33F23
|
| 035 |
|
|
|a urn:nbn:sk:snk-am00iisi
|
| 040 |
|
|
|a SNK
|b slo
|c SNK
|e AACR2
|
| 041 |
1 |
|
|a slo
|h cze
|
| 044 |
|
|
|a xo
|c SK
|
| 080 |
|
|
|a 371.3:372.499.6(024)
|2 1981
|
| 080 |
|
|
|a 372.499.6(024)
|2 1981
|
| 080 |
|
|
|a 372.499.6
|2 1981
|
| 080 |
|
|
|a 371.3(024)
|2 1981
|
| 100 |
1 |
|
|a Belšan, Pavel,
|d 1934-2020
|4 aut
|9 218798
|
| 245 |
1 |
0 |
|a Telesná výchova v 1. a 2. ročníku základnej školy
|b metodický text pre učiteľov
|c Pavel Belšan, Ladislav Žiga ; preložil Alexander Mesiar
|
| 250 |
|
|
|a 1. vyd.
|
| 260 |
|
|
|a Bratislava
|b Slovenské pedagogické nakladateľstvo
|c 1977
|e Bratislava
|f Svornosť
|
| 300 |
|
|
|a 423 s.
|b ilustr.
|c 20 cm
|
| 366 |
|
|
|e 17000 výtl.
|
| 500 |
|
|
|a Preložené z češtiny
|
| 504 |
|
|
|a Obsahuje bibliografiu
|
| 650 |
0 |
7 |
|a telesná výchova
|2 SNKPH
|9 708
|
| 650 |
0 |
7 |
|a základné školy
|2 SNKPH
|9 1280
|
| 655 |
|
7 |
|a metodické príručky
|2 SNKPH
|9 70250
|
| 700 |
1 |
|
|a Žiga, Ladislav,
|d 1930-2023
|4 aut
|9 228396
|
| 700 |
1 |
|
|a Mesiar, Alexander
|4 trl
|9 279538
|
| 852 |
|
|
|a Slovenská národná knižnica
|
| 954 |
|
|
|a odborná, vedecká literatúra cudzojazyčná (svetová)
|2 lita
|
| 958 |
|
|
|a OND
|
| 958 |
|
|
|a NB
|
| 958 |
|
|
|a TL
|
| 958 |
|
|
|a OP
|
| 958 |
|
|
|a EUIPO
|
| 999 |
|
|
|c 534728
|d 536658
|
| 952 |
|
|
|t P60, <04>, [BOOK], {604}
|a SNK
|b SNK
|y VYP
|7 0
|p 17A0095909
|o snkSC 41117 D1
|0 0
|1 0
|4 0
|d 1999-10-08
|l 0
|r 2004-12-31 00:00:00
|w 2026-02-23
|
| 952 |
|
|
|a SNK
|b SNK
|y PREZ
|7 0
|p 17A0943546
|o snkSC 41117
|i snkKSP 3033/77
|0 0
|1 0
|4 0
|d 2013-08-16
|f 1
|l 0
|r 2025-10-17 00:00:00
|w 2026-02-23
|